MDQL
is popping MORE tags! Check the
thread
!
Quizzes
Events
Quiz Creation
Community
Videos
Private Events
Remove Ads
Sign In
Join for FREE
Feedback
Dark Mode
Quiz Categories
Sports
Geography
Music
Movies
Television
Just For Fun
Miscellaneous
History
Literature
Language
Science
Gaming
Entertainment
Religion
Holiday
For Kids
Quiz Lab
Recent
Popular Today
Quiz Kudos Today
Editor Picks
Curator Picks
Quizzes by...
Day
Popularity
Type
Ratings
Length
Year
Community
Subscriptions
Recent Discussions
Orange Saloon
Badges
Playlists
Quests
Create
Leaderboards
Showdown
Live 5
Trivia Bingo
Activity
Puzzle Library
Sporcle Events
Private Events
Virtual Trivia
Globe League
Become a Host
Pub Owners
SporcleCon
Opinionation
Our Games
Videos
Blog
Mobile Apps
Partnerships
Remove Ads and Go Orange
Feedback
Music
Pop Music
The Beatles
Song
Album
Lyrics
Bands
Singers
Artist
Clip
Rock
Rap
Classical
Billboard
Country Music
Kpop
Taylor Swift
Music
Pop Music
The Beatles
Song
Album
Lyrics
Bands
Singers
Artist
Clip
Rock
Rap
Classical
Billboard
Country Music
Kpop
Taylor Swift
Random Quiz
Search Sporcle
×
Quiz Lab
Quiz Lab
Music
maine
Type in answers that appear in a list
Type in answers that appear in a list
Classic
Best Score? Go Orange.
The Maine Lyrics Stats
Can you name the The Maine Lyrics?
By
maccciscooox0
5m
20 Questions
368 Plays
368 Plays
368 Plays
Comments
Comments
Give Quiz Kudos
Give Quiz Kudos
-
- Ratings
hide this ad
Replay
Link that replays current quiz
Next Quiz
Link to next quiz in quiz playlist
You Got
0%
They Got
Avg Score
59%
Avg Friend Score
Upgrade to see
Score Distribution
Jump to the score distribution portion of the page
Score
0/20
Timer
05:00
0
Plays Today
Lyric
Missing Word
% Correct
She loves music, but she hates my band. Loves _
_
_
_
_
, she's his biggest fan.
Prince
89.7%
I'll state something rash, she had the most amazing _
_
_
_
Smile
86.7%
She's _
_
_
and a beauty queen
18
83.4%
Santa, you bitch. Didn't get a damn thing on my Christmas list, all I got was this broken _
_
_
Heart
82.6%
It's time to go, so baby put all your _
_
_
on
Clothes
79.3%
If I could gather up the nerve, I'd put my feelings into words. And If I wasn't so _
_
_
or stupid or restless, I might be able to soon forget this
Young
77.7%
I thought I had it all, but I gave it away. I _
_
_
that old job, now I'm doing okay
Quit
77.4%
I walk the fault _
_
_
, in a dirty field in the springtime
Line
76.6%
We've heard all about you, we know your every move, cause you're _
_
_
_
thin
Paper
63.6%
Sunlight, sunshine, all for you my _
_
_
_
.
Daisy
59.8%
Lyric
Missing Word
% Correct
Cute face, slim waist, she got em in a _
_
_
_
, yeah she got em going crazy.
Craze
57.6%
_
_
_
_
_
like you do, but it just fuels my desire
Tease
53.5%
I'm all yours, I'm all yours _
_
_
, baby don't stop now
Somehow
51.6%
Mr. Winter, don't forget her. She'll be waiting all _
_
_
Alone
49.5%
I've been changing, you're still waiting on me. She said I'll never _
_
_
up.
grow
48.4%
She's gotta be something new to me, _
_
_
ends but no sight of strings
Loose
41.8%
When you're walking _
_
_
_
_
, don't be afraid to close your eyes
Backwards
39.9%
You called me young, said we're _
_
_
_
_
and dumb.
Innocent
34%
So I stare straight into the mirror, _
_
_
I find something there
Hope
22%
Every _
_
_
that's up must come down.
Wall
13.6%
Quiz Playlist
Details
Report
Send in Message
Add To Playlist
Classic:
Type in answers that appear in a list
Last Updated: Feb 16, 2017
Quiz Scoreboard
CHALLENGE
Sign Up to Join the Scoreboard
Show All
Scores
Hide
Comments
May contain spoilers
Recently Published
Two Season TV Shows II
by 123Four
Television
10m
Image Sorting: Flags VI
by Barbecue
Geography
2m
Find the 'City' Movie
by crazypaving
Movies
60s
More to Explore
Quiz From the Vault
Featured Blog Post
14 Easter Pick-up Lines to Find Eggs With
hide this ad
You Might Also Like...
Tags
maine
The Maine
Today's Top Quizzes in Music
Browse Music
hide this ad
Today's Top Quizzes in maine
Browse maine
Top Contributed Quizzes in Music
1
5X2 Blitz: Bands II
2
5X2 Blitz: The Beatles
3
Taylor Swift All Songs (2024)
4
5X2 Blitz: Billboard
5
5X2 Blitz: Billboard II
6
Music Artist by Three 2010s hits
7
5X2 Blitz: Album
8
5X2 Blitz: Rock
9
5X2 Blitz: Singers
10
5X2 Blitz: Lyrics
Explore More
Trending Topics
Harry Potter
Disney
Kpop
Crossword
Marvel
Anime
NBA
Soccer
NFL
The Office
Country
Puzzle
Pokémon
Song
WWE
hide this ad
More By:
maccciscooox0
Quiz
Plays
Rating
Category
Featured
Created
MTV Challengers
4,850
4.25
Television
Sep 5, 2012
Degrassi Characters
2,479
2.67
Television
Dec 30, 2010
MTV Real World Castmates
680
2.33
Television
Sep 10, 2012
Big Brother Canada 1 Contestants
371
Television
Apr 10, 2013
The Maine Lyrics
368
5.00
Music
Jul 6, 2011
Go to Creator's Profile
Score Distribution
Quiz Creator Spotlight
maccciscooox0
Follow
Send a Message
Quizzes Created
-
Created Quiz Play Count
-
More By This Creator
Popular Quizzes Today
1
Find the US States - No Outlines Minefield
2
Colored Red Africa Blitz
3
Find the 'City' Movie
4
5x2 Blitz: Bands
5
The Countries of the World
6
Find the Countries of Europe - No Outlines Minefield
7
Find the US States
8
US States
More Music Quizzes
We Are Never Ever Getting Back Together
Published
Trending Quizzes
Colored Red Europe Blitz I
Colored Red Africa Blitz II
Colored Red Europe Blitz II
Even More Two Season TV Shows
Colored Red Africa Blitz III
Recently Updated
March Madness Men's Triple Doubles
pecheneg
How Do You Spell That?
pecheneg
Godzilla Movies
pecheneg
Grab Bag: 4-10 Letters
pecheneg
2024 March Madness Bracket
pecheneg
Famous TV Couples
Peacemaker
Champions League XIs: Real Madrid
pecheneg
Largest US Cities 1790-2010
pecheneg
Rides in Walt Disney World
pecheneg
Most Oscar Losses (Acting)
pecheneg
Trending Topics
NBA
Disney
Anime
Crossword
Kpop
Harry Potter
Marvel
WWE
Soccer
Pokémon
NFL
The Office
Country
Puzzle
Song
Your Account Isn't Verified!
In order to create a playlist on Sporcle, you need to verify the email address you used during registration. Go to your
Sporcle Settings
to finish the process.
Report this User
Report this user for behavior that violates our
Community Guidelines
.
Details:
Send Report
Go to the Sporcle.com Mobile Site →
Comments